Länder mit fehlenden Buchstaben - Statistiken

Allgemein
  • Dieses Quiz wurde 414 mal gespielt
  • Das Durchschnittsergebnis liegt bei 10 aus 10
Antwortstatistiken
Staat 🚩 fehl. Buchstabe(n) % Korrekt
Eswtini - a
100%
ZentrlfriknischeRepublik 🇨🇫 a
100%
Krotien 🇭🇷 a
100%
Irlnd 🇮🇪 a
100%
Irk 🇮🇶 a
100%
Nicrgu 🇳🇮 a
100%
Ktr 🇶🇦 a
100%
Sudi-rbien 🇸🇦 a
100%
Tiwn 🇹🇼 a
100%
Südfrik 🇿🇦 a
100%
Kamodscha 🇰🇭 b
100%
Lieria 🇱🇷 b
100%
Serien 🇷🇸 b
100%
Simawe 🇿🇼 b
100%
Tshehien 🇨🇿 c
100%
Griehenland 🇬🇷 c
100%
Kasahstan 🇰🇿 c
100%
St. Luia 🇱🇨 c
100%
Islan 🇮🇸 d
100%
Joranien 🇯🇴 d
100%
Norkorea 🇰🇵 d
100%
Nieerlane 🇳🇱 d
100%
Suan 🇸🇩 d
100%
Trinia & Tobago 🇹🇹 d
100%
Dänmark 🇩🇰 e
100%
Lichtnstin 🇱🇮 e
100%
Litaun 🇱🇹 e
100%
Schwdn 🇸🇪 e
100%
Slownin 🇸🇮 e
100%
Afhanistan 🇦🇫 g
100%
Anola 🇦🇴 g
100%
Alerien 🇩🇿 g
100%
Unarn 🇭🇺 g
100%
Nier 🇳🇪 g
100%
Sinapur 🇸🇬 g
100%
Too 🇹🇬 g
100%
Uruuay 🇺🇾 g
100%
Barain 🇧🇭 h
100%
Baamas 🇧🇸 h
100%
Tailand 🇹🇭 h
100%
Tadscikistan 🇹🇯 h
100%
San Marno - i
100%
Bolven 🇧🇴 i
100%
Elfenbenküste 🇨🇮 i
100%
Chna 🇨🇳 i
100%
Gunea 🇬🇳 i
100%
Krbat 🇰🇮 i
100%
Pakstan 🇵🇰 i
100%
Surname 🇸🇷 i
100%
Syren 🇸🇾 i
100%
Ukrane 🇺🇦 i
100%
emen 🇾🇪 J
100%
Sri Lana - k
100%
Burina Faso 🇧🇫 k
100%
Franreich 🇫🇷 k
100%
Slowaei 🇸🇰 k
100%
Türei 🇹🇷 k
100%
Begien 🇧🇪 l
100%
Deutschand 🇩🇪 l
100%
Itaien 🇮🇹 l
100%
Poen 🇵🇱 l
100%
Kaerun 🇨🇲 m
100%
Doinica 🇩🇲 m
100%
Gabia 🇬🇲 m
100%
Nordazedonien 🇲🇰 m
100%
ali 🇲🇱 M
100%
Naibia 🇳🇦 m
100%
Panaa 🇵🇦 m
100%
Ruänien 🇷🇴 m
100%
Saoa 🇼🇸 m
100%
St. Vicet &die Greadie - n
100%
Argetiie 🇦🇷 n
100%
Spaie 🇪🇸 n
100%
Filad 🇫🇮 n
100%
Idoesie 🇮🇩 n
100%
Moaco 🇲🇨 n
100%
Mogolei 🇲🇳 n
100%
Ruada 🇷🇼 n
100%
Toga 🇹🇴 n
100%
Vietam 🇻🇳 n
100%
Andrra 🇦🇩 o
100%
Bsnien & Herzegwina 🇧🇦 o
100%
Äthipien 🇪🇹 o
100%
Mikrnesien 🇫🇲 o
100%
Südkrea 🇰🇷 o
100%
Lesth 🇱🇸 o
100%
Salmnen 🇸🇧 o
100%
Ägyten 🇪🇬 p
100%
Neal 🇳🇵 p
100%
Siea Leone - r
100%
Östeeich 🇦🇹 r
100%
Belaus 🇧🇾 r
100%
Goßbitannien 🇬🇧 r
100%
Honduas 🇭🇳 r
100%
Isael 🇮🇱 r
100%
Ian 🇮🇷 r
100%
Maokko 🇲🇦 r
100%
Nigeia 🇳🇬 r
100%
Austalien 🌏 r
100%
Cota Rica - s
100%
Moambik 🇲🇿 s
100%
Ruland 🇷🇺 s
100%
Tanania 🇹🇿 s
100%
UA 🇺🇸 S
100%
Ubekitan 🇺🇿 s
100%
Guaemala 🇬🇹 t
100%
Leland 🇱🇻 t
100%
schad 🇹🇩 T
100%
Brnei 🇧🇳 u
100%
Kolmbien 🇨🇴 u
100%
Äqatorialginea 🇬🇶 u
100%
Ginea-Bissa 🇬🇼 u
100%
Papa-Neginea 🇵🇬 u
100%
El Salador - v
100%
Maledien 🇲🇻 v
100%
atikan 🇻🇦 V
100%
Kuait 🇰🇼 w
100%
Malai 🇲🇼 w
100%
Noregen 🇳🇴 w
100%
Meiko 🇲🇽 x
100%
Zpern 🇨🇾 y
100%
Liben 🇱🇾 y
100%
Malasia 🇲🇾 y
100%
Paragua 🇵🇾 y
100%
Sechellen 🇸🇨 y
100%
Belie 🇧🇿 z
100%
hile 🇨🇱 C
96%
Nusland 🇳🇿 e
96%
yanar 🇲🇲 M
96%
Keia 🇰🇪 n
96%
Somli 🇸🇴 a
95%
Fischi 🇫🇯 d
95%
Bnin 🇧🇯 e
95%
Maurtanin 🇲🇷 e
95%
Krgsstan 🇰🇬 i
95%
Marshainsen 🇲🇭 l
95%
Greada 🇬🇩 n
95%
Libao 🇱🇧 n
95%
Kaada 🍁 n
95%
Eitea 🇪🇷 r
95%
Porugal 🇵🇹 t
95%
urkmenisan 🇹🇲 T
95%
Guana 🇬🇾 y
95%
Vnutu 🇻🇺 a
94%
arados 🇧🇧 B
94%
Hat 🇭🇹 i
94%
amaika 🇯🇲 J
94%
Estand 🇪🇪 l
94%
Domiikaische Republik 🇩🇴 n
94%
Brailien 🇧🇷 s
94%
Osimor 🇹🇱 t
94%
Botsana 🇧🇼 w
94%
Veneuela 🇻🇪 z
94%
Kua 🇨🇺 b
93%
Gaun 🇬🇦 b
93%
Tunsin 🇹🇳 e
93%
eorien 🇬🇪 G
93%
Ksv 🇽🇰 o
93%
Jaan 🇯🇵 p
93%
üdudan 🇸🇸 S
93%
Luemburg 🇱🇺 x
93%
Schwei 🇨🇭 z
93%
lbnien 🇦🇱 A
92%
Sao Tom & Princip - e
92%
Las 🇱🇦 o
91%
Tualu 🇹🇻 v
91%
Euador 🇪🇨 c
90%
Antigua & aruda 🇦🇬 B
89%
Ckinseln 🇨🇰 o
89%
S. Kis & Nevis - t
89%
Armeie 🇦🇲 n
88%
hiliinen 🇵🇭 p
88%
Plu 🇵🇼 a
87%
Madaaskar 🇲🇬 g
87%
nden 🇮🇳 I
87%
Kap Vrd - e
85%
Kmren 🇰🇲 o
85%
Nar 🇳🇷 u
85%
Dschiuti 🇩🇯 b
84%
Aerbaidchan 🇦🇿 s
79%
Abhasien - c
71%
Nue 🇳🇺 i
71%
Keine übereinstimmenden Quizze gefunden
Verteilung der Resultate
Anzahl Personen mit jedem Resultat
Perzentil nach korrekt beantworteten Fragen
Ihre Resultats-Entwicklung
Sie haben dieses Quiz noch nicht gespielt